Provinces of Poland By Borders (Voivodeships) - Statistics

General Stats
  • This quiz has been taken 30 times
  • The average score is 13 of 16
Answers on the Map
Answers color-coded by a green-red scale on the quiz's map according to % correct below.
 
Answer Stats
Województwa % Correct
Greater Poland
100%
Masovia
94%
Opole
94%
West Pomerania
94%
Kuyavia-Pomerania
89%
Łódź
89%
Silesia
89%
Pomerania
83%
Świętokrzyskie
83%
Warmia-Masuria
83%
Lesser Poland
78%
Lower Silesia
67%
Lublin
67%
Podkarpackie
67%
Lubusz
61%
Podlaskie
61%
No matching quizzes found
Score Distribution
Percent of People with Each Score
Percentile by Number Answered
Your Score History
You have not taken this quiz